| 000 -LEADER |
| fixed length control field |
00577nam a22001937a 4500 |
| 005 - DATE AND TIME OF LATEST TRANSACTION |
| control field |
20231130153646.0 |
| 008 - FIXED-LENGTH DATA ELEMENTS--GENERAL INFORMATION |
| fixed length control field |
231130s1982 ru ||||| |||| 00| 0 rus d |
| 041 ## - LANGUAGE CODE |
| Language code of text/sound track or separate title |
rus |
| 080 ## - UNIVERSAL DECIMAL CLASSIFICATION NUMBER |
| Universal Decimal Classification number |
1(38) K-36 |
| 100 ## - MAIN ENTRY--PERSONAL NAME |
| Personal name |
Кессиди, Ф.Х. |
| 9 (RLIN) |
20534 |
| 245 ## - TITLE STATEMENT |
| Title |
Гераклит / |
| Statement of responsibility, etc. |
Ф.Х. Кессиди. |
| 264 ## - PRODUCTION, PUBLICATION, DISTRIBUTION, MANUFACTURE, AND COPYRIGHT NOTICE |
| Place of production, publication, distribution, manufacture |
М.: |
| Name of producer, publisher, distributor, manufacturer |
Мысль, |
| Date of production, publication, distribution, manufacture, or copyright notice |
1982. |
| 300 ## - PHYSICAL DESCRIPTION |
| Extent |
200 с.: |
| Other physical details |
ил.; |
| Dimensions |
17 см. |
| 653 ## - INDEX TERM--UNCONTROLLED |
| keyword |
ჰერაკლიტე |
| 653 ## - INDEX TERM--UNCONTROLLED |
| keyword |
კოსმოლოგია |
| 653 ## - INDEX TERM--UNCONTROLLED |
| keyword |
ეთიკა |
| 653 ## - INDEX TERM--UNCONTROLLED |
| keyword |
პოლიტიკა |
| 942 ## - ADDED ENTRY ELEMENTS (KOHA) |
| Source of classification or shelving scheme |
|
| Koha item type |
წიგნი |